| 000 | 00610cam a22002292i 4500 | ||
|---|---|---|---|
| 001 | CIP113006928 | ||
| 003 | yeezen | ||
| 005 | 20250716163518.0 | ||
| 008 | 240508s2024 ch e 000 0 chi d | ||
| 020 |
_a9789863685425 _q(平裝) |
||
| 040 |
_aCIP _bchi |
||
| 042 | _anbic | ||
| 084 |
_a415.22 _2ncsclt |
||
| 090 | _a415.22 | ||
| 245 | 1 | 0 |
_a從急診開始的急重症照護 / _c台大醫院急診團隊編著 |
| 250 | _a初版 | ||
| 260 |
_a新北市 : _b合記, _c2024.10. |
||
| 300 |
_a面 ; _c公分 |
||
| 650 | 7 |
_2lcstt _a急診醫學 |
|
| 650 | 7 |
_2lcstt _a緊急醫療救護 |
|
| 942 |
_2ccl _cLNTERM |
||
| 999 |
_c7658 _d7658 |
||